000 00733nam a2200205 i 4500
001 43243
003 ES-MaACL
005 20230906160747.0
007 t|
008 030317s1894 sp ||||1| spa d
100 1 _aCastro y Casaleiz, Antonio de.
_936968
245 1 3 _aEl título Grande y el Blasón de España
_b: memoria acerca del orígen y uso del título Grande de Su Majestad /
_cAntonio de Castro y Casaleiz.
260 _aMadrid :
_b[s.n.,
_c1894] (
_fMinuesa de los Ríos)
300 _a31 p. ;
_c26 cm.
650 4 _aTítulos nobiliaros-
_zEspaña.
_9143145
650 0 4 _aHeráldica-
_zEspaña.
_913317
651 4 _aEspaña-
_xReyes y soberanos.
_98492
852 _aES-MaACL
_jT-825-F-6
852 _aES-MaACL
_jFol-Laf-196
999 _c43243
_d43243